opac header logoIBA Library

Corporate finance/ (Record no. 722)

MARC details
000 -LEADER
fixed length control field 00556nam a22002057a 4500
003 - CONTROL NUMBER IDENTIFIER
control field BD-DhUIB
005 - DATE AND TIME OF LATEST TRANSACTION
control field 20260604150039.0
008 - FIXED-LENGTH DATA ELEMENTS--GENERAL INFORMATION
fixed length control field 260604b |||||||| |||| 00| 0 eng d
020 ## - INTERNATIONAL STANDARD BOOK NUMBER
International Standard Book Number 9789355329813
040 ## - CATALOGING SOURCE
Original cataloging agency BD-DhUIB
Transcribing agency BD-DhUIB
082 ## - DEWEY DECIMAL CLASSIFICATION NUMBER
Edition number 22
100 ## - MAIN ENTRY--PERSONAL NAME
Personal name Ross, Stephen A.
9 (RLIN) 837
245 ## - TITLE STATEMENT
Title Corporate finance/
Statement of responsibility, etc. by Stephen A. Ross.
260 ## - PUBLICATION, DISTRIBUTION, ETC.
Place of publication, distribution, etc. India :
Name of publisher, distributor, etc. Mcgraw hill ,
Date of publication, distribution, etc. c2022
300 ## - PHYSICAL DESCRIPTION
Extent xxxii, 1031p. :
Other physical details illus. ;
Dimensions 25cm.
526 ## - STUDY PROGRAM INFORMATION NOTE
Program name BBA
700 ## - ADDED ENTRY--PERSONAL NAME
Personal name Westerfield, Randolf W.
9 (RLIN) 1132
700 ## - ADDED ENTRY--PERSONAL NAME
Personal name Jaffe, Jaffrey.
9 (RLIN) 1133
942 ## - ADDED ENTRY ELEMENTS (KOHA)
Source of classification or shelving scheme Dewey Decimal Classification
Koha item type Books
Holdings
Withdrawn status Lost status Source of classification or shelving scheme Damaged status Not for loan Collection code Home library Current library Shelving location Date acquired Source of acquisition Total Checkouts Full call number Barcode Date last seen Copy number Price effective from Koha item type
    Dewey Decimal Classification     Non-fiction IBA Library IBA Library General Stacks 06/03/2026 Gift.   658.15R781c 00051747 06/04/2026 C.1 06/04/2026 Books
    Dewey Decimal Classification     Non-fiction IBA Library IBA Library General Stacks 06/03/2026 Gift.   658.15R781c 00051748 06/04/2026 C.2 06/04/2026 Books
    Dewey Decimal Classification     Non-fiction IBA Library IBA Library General Stacks 06/03/2026 Gift.   658.15R781c 00051749 06/04/2026 C.3 06/04/2026 Books
    Dewey Decimal Classification     Non-fiction IBA Library IBA Library General Stacks 06/03/2026 Gift.   658.15R781c 00051750 06/04/2026 C.4 06/04/2026 Books
Copyright © 2021-2026 | IBA Library
Institute of Business Administration (IBA)
University of Dhaka
Library Home | IBA Home